| 000 | 00760nas a2200265 i 4500 | ||
|---|---|---|---|
| 001 | 273 | ||
| 003 | ES-MaACL | ||
| 005 | 20250217133713.0 | ||
| 007 | t| | ||
| 008 | 950801d19201936sp e| | 1 ||pa d | ||
| 022 | _a0213-3822 | ||
| 080 | _a460 | ||
| 080 | _a61 | ||
| 245 | 0 | 0 |
_aArchivos de cardiología y hematología / _cedit. G. Pittaluga y L. Galandre. |
| 260 |
_aMadrid : _bImp. Jiménez y Molina, _c1920-1936. |
||
| 300 |
_a16 v. : _bgrab. ; _c24 cm. |
||
| 310 | _aBimensual | ||
| 362 | 1 | _aV. I (1920)-1936. | |
| 650 | 1 | 4 |
_aPatología. _915884 |
| 700 | 1 |
_aPittaluga, Gustavo, _d1876-1956 _9155591 |
|
| 700 | 1 |
_aGalandre, L, _eed. lit. _9226803 |
|
| 852 |
_aES-MaACL _jHEM-H-31 _xhem-1090 _d |
||
| 866 | 0 | _o1920-35(1936). | |
| 999 |
_c273 _d273 |
||